El patio de los bramidos : (Registro nro. 13460)

Detalles MARC
000 -LIDER
fixed length control field 01203nam a22002897a 4500
003 - IDENTIFICACDOR DE NÚMERO DE CONTROL
control field DO-SdBNP
005 - DATE AND TIME OF LATEST TRANSACTION
control field 20210507125937.0
008 - ELEMENTOS DE LONGITUD FIJA
fixed length control field 210507b2017 dr | 00| 0 spa d
020 ## - ISBN
International Standard Book Number 9789945492934
040 ## - FUENTE DE CATALOGACIÓN
Agencia que crea de manera original el registro BPMSU
Enlace spa
Agencia que realiza la transcripción BPMSU
082 ## - NÚMERO DE CLASIFICACIÓN DECIMAL DE DEWEY
Classification number RD863.5
Item number A185p 2017
Edition number 22
100 ## - ASIENTO PRINCIPAL -- NOMBRE PERSONAL
Nombre personal Acosta, José,
245 13 - MENCIÓN DE TITULO
Título El patio de los bramidos :
Subtítulo Premio Anual de Cuento José Ramón López 2015 /
Mención de responsabilidad José Acosta
260 ## - PUBLICACIÓN, DISTRIBUCIÓN, ETC. (PIE DE IMPRENTA)
Lugar de publicación, distribución, etc Santo Domingo:
Nombre del editor, distribuidor, etc. Ministerio de Cultura ;
-- Editora Nacional
Fecha de publicación, distribución, etc 2017.
300 ## - DESCRIPCIÓN FÍSICA
Extensión 137 p. :
Dimensiones 20 cm.
490 0# - MENCIÓN DE SERIES
Mención de serie Narrativa
500 ## - NOTA GENERAL
Materiales especificados Incluyes datos Bibliográfico de autor el las solapas
500 ## - NOTA GENERAL
Materiales especificados Jurado Luis Martín Gómez, Noé Zayas y Avelino Stanley
505 0# - NOTA DE CONTENIDO
Texto normalizado de contenido De bolos y coludos -- El patio de los bramidos -- La carga -- Las desterradas hijas de EVa -- En el mundo de Ben -- El soplón -- Por una noche -- El mundo verdadero -- Pleitos ajenos -- Compendio a Sandra.
586 ## - AWARDS NOTE
Awards note Premio Anual de cuento José Ramón López, 2015
590 ## - NOTA LOCAL
Enlace Inventariado, 2021/ VM
650 #4 - ENCABEZAMIENTO DE MATERIA--TEMÁTICO
Término temático o nombre geográfico como elemento de entrada Certamenes literarios
Subdivisión geográfica República dominicana
650 #4 - ENCABEZAMIENTO DE MATERIA--TEMÁTICO
Término temático o nombre geográfico como elemento de entrada Cuentos dominicanos
650 #4 - ENCABEZAMIENTO DE MATERIA--TEMÁTICO
Término temático o nombre geográfico como elemento de entrada Literatura dominicana
910 ## - VALIDACIÓN
Validación MCabrera/VMateo
942 ## - ADDED ENTRY ELEMENTS (KOHA)
Source of classification or shelving scheme Dewey Decimal Classification
Koha item type Libros
Existencias
Withdrawn status Lost status Source of classification or shelving scheme Damaged status Not for loan Collection code Home library Current library Date acquired Source of acquisition Full call number Barcode Date last seen Price effective from Koha item type Copy number
    Dewey Decimal Classification     Colección Dominicana Biblioteca Pública Metropolitana Salomé Ureña Biblioteca Pública Metropolitana Salomé Ureña 05/07/2021 Editora Nacional BPMSU CD RD863.5 A185p 2017 BPMSU21050018 05/07/2021 05/07/2021 Libros  
    Dewey Decimal Classification     Colección Dominicana Biblioteca Pública Metropolitana Salomé Ureña Biblioteca Pública Metropolitana Salomé Ureña 05/07/2021 Editora Nacional BPMSU CD RD863.5 A185p 2017 BPMSU21050019 05/07/2021 05/07/2021 Libros e.2
    Dewey Decimal Classification     Colección Dominicana Biblioteca Pública Metropolitana Salomé Ureña Biblioteca Pública Metropolitana Salomé Ureña 05/07/2021 Editora Nacional BPMSU CD RD863.5 A185p 2017 BPMSU21050020 05/07/2021 05/07/2021 Libros e.3